000 00391nam a22001697a 4500
005 20160627092650.0
008 160627b xxu||||| |||| 00| 0 eng d
020 _a81-7224-777-X
041 _aeng
082 _b10328
100 _aWright, Chrissic
_92838
245 _aPractical Communication Skill
260 _bJaico
_c2006
300 _a280
650 _aManagement
_9241
942 _cBK
999 _c4101
_d4100